| 000 | 00633cam a22002173a 4500 | ||
|---|---|---|---|
| 001 | 38577 | ||
| 003 | PGUSA | ||
| 005 | 20140828083842.0 | ||
| 008 | 120115s2012||||xxu|||||s|||||000 | eng d | ||
| 040 |
_aPGUSA _beng |
||
| 042 | _adc | ||
| 100 | 1 |
_aKummer, Frederic Arnold, _d1873-1943 |
|
| 245 | 1 | 4 |
_aThe Blue Lights : _bA Detective Story _h[electronic resource] / _cFrederic Arnold Kummer |
| 260 |
_bProject Gutenberg, _c2012 |
||
| 506 | _aPublic domain in the USA. | ||
| 516 | _aElectronic text | ||
| 700 | 1 | _aGrefé, Will | |
| 830 | 0 |
_aProject Gutenberg _v38577 |
|
| 856 | 4 | 0 | _uhttp://www.gutenberg.org/ebooks/38577 |
| 942 | _cEB | ||
| 999 |
_c267831 _d267831 |
||